书目信息 |
| 题名: |
中学组词词典
|
|
| 作者: | 孟刚 编著 | |
| 分册: | ||
| 出版信息: | 北京 中国人民公安大学出版社 1998.04 |
|
| 页数: | 494页 | |
| 开本: | 32开 | |
| 丛书名: | ||
| 单 册: | ||
| 中图分类: | G634.303 | |
| 科图分类: | ||
| 主题词: | 教育--各级 | |
| 电子资源: | ||
| ISBN: | 7-81059-119-3 | |
| 000 | 00560nam0 2200193 45 | |
| 001 | 0010031691 | |
| 005 | 20001003162249.5 | |
| 010 | @a7-81059-119-3@d21.50元 | |
| 100 | @a20001003d1998 km y0chiy0120 ea | |
| 101 | 0 | @achi |
| 105 | @a z 000yy | |
| 200 | 1 | @a中学组词词典@AZhong Xue Zu Ci Ci Dian@f孟刚等编著@FMeng Gang Deng Bian Zhu |
| 210 | @a北京@c中国人民公安大学出版社@d1998.04 | |
| 215 | @a494页@d32开 | |
| 606 | 0 | @a教育@x各级 |
| 690 | @aG634.303@v3 | |
| 701 | 0 | @a孟刚@4编著 |
| 801 | @aCN@bPftUser@c20001003 | |
| 905 | @b163607-609@dG634.303@eM.241@f3 | |
| 中学组词词典/孟刚等编著.-北京:中国人民公安大学出版社,1998.04 |
| 494页;32开 |
| ISBN 7-81059-119-3:21.50元 |
| ● |
| 相关链接 |
|
|
|
正题名:中学组词词典
索取号:G634.303/M.241
 
预约/预借
| 序号 | 登录号 | 条形码 | 馆藏地/架位号 | 状态 | 备注 |
| 1 | 163607 | 201636079 | 社科库409/409社科库 8排2列4层/ [索取号:G634.303/M.241] | 在馆 | |
| 2 | 163608 | 201636088 | 社科库409/409社科库 8排2列4层/ [索取号:G634.303/M.241] | 在馆 | |
| 3 | 163609 | 201636097 | 社科库409/409社科库 8排2列4层/ [索取号:G634.303/M.241] | 在馆 |